Freud y Jung (Record no. 110694)
[ view plain ]
| 000 -LEADER | |
|---|---|
| campo de control de longitud fija | 00911nam a2200253 i 4500 |
| 001 - NÚMERO DE CONTROL | |
| campo de control | 110694 |
| 003 - IDENTIFICADOR DE NÚMERO DE CONTROL | |
| campo de control | ES-MaACL |
| 005 - FECHA Y HORA DE LA ÚLTIMA TRANSACCIÓN | |
| campo de control | 20250924165245.0 |
| 007 - CAMPO FIJO DE DESCRIPCIÓN FÍSICA--INFORMACIÓN GENERAL | |
| campo de control de longitud fija | t| |
| 008 - DATOS DE LONGITUD FIJA--INFORMACIÓN GENERAL | |
| campo de control de longitud fija | 070119s1986 sp ||||1| spa d |
| 080 ## - NÚMERO DE LA CLASIFICACIÓN DECIMAL UNIVERSAL | |
| Número de la Clasificación Decimal Universal | 159.9 Freud, Sigmund |
| 080 ## - NÚMERO DE LA CLASIFICACIÓN DECIMAL UNIVERSAL | |
| Número de la Clasificación Decimal Universal | 159.9 Jung, C. G |
| 100 1# - ENTRADA PRINCIPAL--NOMBRE DE PERSONA | |
| Nombre de persona | Vázquez Fernández, Antonio. |
| 9 (RLIN) | 113439 |
| 245 10 - MENCIÓN DEL TÍTULO | |
| Título | Freud y Jung |
| Resto del título | : exploradores del inconsciente / |
| Mención de responsabilidad, etc. | Antonio Vázquez Fernández ; prólogo de Luis S. Granjel. |
| 260 ## - PUBLICACIÓN, DISTRIBUCIÓN, ETC. | |
| Lugar de publicación, distribución, etc. | Madrid : |
| Nombre del editor, distribuidor, etc. | Cincel, |
| Fecha de publicación, distribución, etc. | 1986. |
| 300 ## - DESCRIPCIÓN FÍSICA | |
| Extensión | 232 p. ; |
| Dimensiones | 19 cm. |
| 490 1# - MENCIÓN DE SERIE | |
| Mención de serie | Historia de la filosofía ; |
| Designación de volumen o secuencia | 23 |
| 504 ## - NOTA DE BIBLIOGRAFÍA, ETC. | |
| Nota de bibliografía, etc. | Bibliografia: p. 229-232. Indice. |
| 600 14 - PUNTO DE ACCESO ADICIONAL DE MATERIA--NOMBRE DE PERSONA | |
| Nombre de persona | Freud, Sigmund, |
| Fechas asociadas al nombre | 1856-1939- |
| Subdivisión general | Crítica e interpretación |
| 9 (RLIN) | 52549 |
| 600 14 - PUNTO DE ACCESO ADICIONAL DE MATERIA--NOMBRE DE PERSONA | |
| Nombre de persona | Jung, Carl G., |
| Fechas asociadas al nombre | 1875-1961- |
| Subdivisión general | Crítica e interpretación |
| 9 (RLIN) | 67284 |
| 830 0# - PUNTO DE ACCESO ADICIONAL DE SERIE-TÍTULO UNIFORME | |
| Título uniforme | Historia de la filosofía ; |
| Designación de volumen o secuencia | 23 |
| 9 (RLIN) | 181726 |
| 852 ## - LOCALIZACIÓN | |
| Ubicación | ES-MaACL |
| Número de control de estantería | L-15590 |
| Estatus retirado | Estado de pérdida | Estado de daño | No para préstamo | Biblioteca de origen | Biblioteca actual | Ubicación en estantería | Fecha de adquisición | Fuente de adquisición | Total de préstamos | Signatura topográfica completa | Código de barras | Visto por última vez | Precio de reemplazo | Tipo de ítem Koha |
|---|---|---|---|---|---|---|---|---|---|---|---|---|---|---|
| Biblioteca del Ateneo de Madrid | Biblioteca del Ateneo de Madrid | Depósito 2 | 17/01/2008 | L-15590 | 1115490 | 23/02/2023 | 23/02/2023 | Libro impreso |
